Statistics for Doctor Who Pre-Regeneration Stories

Click here to take the quiz!

General Stats

  • This quiz has been taken 6 times
  • The average score is 13 of 14

Answer Stats

DoctorCauseAnswer% Correct
9th DoctorDegenerated cells after absorbing the time vortexBad Wolf/The Parting of the Ways
100%
7th DoctorFailed surgeory after being gunned downDoctor Who: The Television Movie
100%
War DoctorOld ageThe Day of the Doctor
100%
10th Doctor #2Radiation poisoningThe End of Time
100%
8th DoctorDrank a regeneration concoctionThe Night of the Doctor (mini-episode)
100%
1st DoctorOld age/exhaustionThe Tenth Planet
100%
11th DoctorGranted new regeneration cycle by the Time LordsThe Time of the Doctor
100%
12th DoctorShot and electrocuted by CybermenTwice Upon a Time
100%
4th DoctorFell off a satellite dishLogopolis
83%
5th DoctorSpectrox illnessThe Caves of Androzani
83%
10th Doctor #1Shot by a DalekThe Stolen Earth/Journey's End
83%
3rd DoctorRadiation poisoningPlanet of the Spiders
67%
2nd DoctorForced into regeneration by the Time LordsThe War Games
67%
6th DoctorTARDIS crashTime and the Rani
67%

Score Distribution

Percentile by Number Answered

Percent of People with Each Score

Your Score History

You have not taken this quiz